000 01171cam a22003497a 4500
003 CHAP
005 20220817043753.0
008 010517d1990 mx r 00110 spa d
010 _a83913
011 _a84885
020 _a9684271689
035 _a95411
040 _cCHAP
082 0 4 _a972.0825
_bR4
100 0 0 _aRey Romay, Benito.
_996724
245 1 0 _aVigencia del cardenismo
_c/por Benito Rey Romay
260 _aMéxico, D.F. :
_bNuestro Tiempo,
_c1990.
300 _a183 p.
590 _aBATCH-UPD
_b10
_c20130110
_lUCH01
_h0820
590 _aBATCH-UPD
_b10
_c20130410
_lUCH01
_h0457
590 _aBATCH-UPD
_b10
_c20130914
_lUCH01
_h1826
590 _aCONVERSION
_b10
_c20130109
_lUCH01
_h1347
650 1 4 _aCárdenas del Río, Lázaro,
_y1895-1970.
_924055
650 1 4 _aMéxico
_xHistoria.
650 1 4 _aMexico
_xHistoria
_xCardenismo.
_975275
901 _aBK
905 _aLilia Sánchez G.
942 _cLIBRO
949 _a972.0825 R4
_bBC
_cLIBRO
_d33724000824165
_eLIBRO
_h100146
_i95411
_si
949 _a972.0825 R4
_bBC
_cLIBRO
_d33724000824348
_eLIBRO
_fc.2
_h100147
_i95411
_si
949 _a972.0825 R4
_bBC
_cLIBRO
_d33724000824470
_eLIBRO
_fc.3
_h100148
_i95411
_si
999 _c83913
_d83913